000 00541nam a2200193 4500
001 148816
003 ES-MaACL
005 20240314063030.0
007 t|
008 070214s1981 sp r ||||1| spa d
100 1 _aSuárez, Gonzalo,
_d1934-
_9108561
245 1 3 _aLa Reina Roja /
_cGonzalo Suárez.
260 _a[Madrid :
_bCátedra,
_c1981] (
_fLavel)
300 _a189 p. ;
_c21 cm.
490 1 _aNovela Cátedra
830 0 _aNovela Cátedra
_9180906
852 _aES-MaACL
_jL-3167
_bR.102671
999 _c148816
_d148816